Analýza zmien v uplatňovaní výdavkov (nákladov) z hľadiska zákona o dani z príjmov a ich dopady na podnikateľské účtovné jednotky bakalárska práca

Gespeichert in:
Bibliographische Detailangaben
1. Verfasser: Ivančíková, Kristína
Körperschaft: Fakulta hospodárskej informatiky EU. Katedra účtovníctva a audítorstva
Weitere Verfasser: Vašeková, Miroslava, 1978-
Format: Buch
Sprache:Slowakisch
Veröffentlicht: Bratislava 2016
Tags: Tag hinzufügen
Keine Tags, Fügen Sie das erste Tag hinzu!

MARC

LEADER 00000nbm a2200000 4500
001 0219054
005 20240903101349.8
041 0 |a slo 
044 |a SK 
245 1 0 |a Analýza zmien v uplatňovaní výdavkov (nákladov) z hľadiska zákona o dani z príjmov a ich dopady na podnikateľské účtovné jednotky  |b bakalárska práca  |c Kristína Ivančíková ; školiteľ: Miroslava Vašeková 
264 1 |a Bratislava  |c 2016 
300 |a 42 s. 
100 1 |a Ivančíková, Kristína 
700 1 |a Vašeková, Miroslava, 1978- 
710 2 |a Fakulta hospodárskej informatiky EU. Katedra účtovníctva a audítorstva